NFL Teams Top Wide Receiver 2025 - Statistics

General Stats
  • This quiz has been taken 40 times
  • The average score is 13 of 32
Answer Stats
Team Receiving Yards Answer % Correct
Los Angeles Rams 1715 Puka Nacua
96%
Philadelphia Eagles 1008 DeVonta Smith
85%
New York Jets 395 Garrett Wilson
73%
Arizona Cardinals 1006 Michael Wilson
73%
Minnesota Vikings 1048 Justin Jefferson
65%
Detroit Lions 1401 Amon-Ra St. Brown
58%
Cincinnati Bengals 1412 Ja'Marr Chase
58%
Denver Broncos 1017 Courtland Sutton
54%
New England Patriots 1013 Stefon Diggs
50%
San Francisco 49ers 643 Jauan Jennings
46%
Baltimore Ravens 1211 Zay Flowers
46%
Pittsburgh Steelers 850 DK Metcalf
42%
Dallas Cowboys 1429 George Pickens
42%
Miami Dolphins 910 Jaylen Waddle
42%
Atlanta Falcons 919 Drake London
38%
Kansas City Chiefs 587 Marquise Brown
38%
New Orleans Saints 1163 Chris Olave
35%
Houston Texans 1117 Nico Collins
31%
Washington Commanders 727 Deebo Samuel
27%
Tampa Bay Buccaneers 938 Emeka Egbuka
27%
Chicago Bears 682 DJ Moore
23%
Cleveland Browns 602 Jerry Jeudy
23%
Los Angeles Chargers 789 Ladd McConkey
23%
Green Bay Packers 724 Romeo Doubs
23%
Carolina Panthers 1014 Tetaroia McMillen
23%
Las Vegas Raiders 696 Tre Tucker
23%
New York Giants 1014 Wan'Dale Robinson
23%
Buffalo Bills 719 Khalil Shakir
19%
Indianapolis Colts 1003 Alec Pierce
15%
Tennessee Titans 515 Elic Ayomanor
15%
Jacksonville Jaguars 847 Parker Washington
12%
Seattle Seahawks 1793 Jaxon Smith-Njiba
8%
No matching quizzes found
Score Distribution
Percent of People with Each Score
Percentile by Number Answered
Your Score History
You have not taken this quiz